000 00375nam a2200169Ia 4500
005 20250423100121.0
008 250422s9999 xx 000 0 und d
020 _a1- 888451- 06- 8
050 _aPS 3556 .L483 M37/
100 _aFlesh, Henry
245 0 _aMassage
260 _aNew York
260 _bAkashic Books
260 _c1999
300 _a384 p
942 _cBK
999 _c32335
_d32335